000 00645nam a2200205Ii 4500
003 JO-AjNU
008 230605s9999||||xx |||||||||||||| ||und||
040 _aJO-AjNU
_bara
_erda
_cJO-AjNU
041 _aara
050 1 4 _aBF575.2004
100 3 _aخطاب،ابتسام/اعداد,
_eauthor
_914275
245 0 0 _aمفاتيح النجاح والسعادة
250 _aط1
264 3 1 _aدمشق:دار غار حراء طباعة نشر توزيع ،2004
300 _a102ص
336 _atext
_btxt
_2rdacontent
337 _aunmediated
_bn
_2rdamedia
338 _avolume
_bnc
_2rdacarrier
650 4 _aالنجاح-علم النفس
_914276
999 _aA3768
_c7336
_d7336